000 00500nam a2200169Ia 4500
999 _c28728
_d28728
003 OSt
005 20210107110318.0
008 190216s9999||||xx |||||||||||||| ||und||
040 _coclc
082 _a894.812301
_bKAK/T
100 _aKakkattil, Akbar
_96409
245 0 _aTheranjedutha Kathakal /
_cAkbar Kakkattil
260 _bReal Images Publications,
_aCalicut:
_c2004.
300 _a815p
650 _aKathakal
942 _cBK
_2ddc
_h894.812301
_iKAK/T
_k894.812301
_mKAK/T